Constitucin̤ Polt̕ica del Per ︢1993

Bibliographic Details
Main Author: Landa Arroyo, Cšar
Format: eBook
Language:Spanish
Published: Lima : Pontificia Universidad Catolica del Peru, 2007
Subjects:
Online Access:Acceso restrigido

MARC

LEADER 00000nam a22000007a 4500
005 20120731171852.0
007 cr|||| ||||
008 120731s2007 pe |||||s|||| 00||0 spa d
020 |a 978-9972-42-827-2 
035 |a 6566 
040 |a vLex 
090 |c 3334  |d 3334 
100 1 |a Landa Arroyo, Cšar 
245 1 0 |a Constitucin̤ Polt̕ica del Per ︢1993  |h [Recurso electrn̤ico] /  |c Cšar Landa Arroyo 
256 |a Servicio en ln̕ea 
260 |a Lima :  |b Pontificia Universidad Catolica del Peru,  |c 2007 
300 |a 1 recurso electrn̤ico 
506 1 |a Contenido solo disponible en los productos indicados  |d vLex Global   |d vLex Global (Academic Edition, excluding Law Schools)   |d vLex Global (U.S. Academic Edition, Law Schools)   |d vLex Global (U.S. Academic Edition, excluding Law Schools)   |d vLex Global (Academic Edition, Law Schools)  
650 0 4 |a Derecho constitucional  |z Per︢ 
740 0 |a vLex Libros (Servicio en libro) 
856 4 0 |u http://vlex.com/source/constitucion-politica-peru-1993-6566  |z Acceso restrigido 
942 |c BOOK 
999 0 |a Constitutional law